Telecommunications and the computer
Furkejuvvon:
| Váldodahkki: | |
|---|---|
| Materiálatiipa: | Girji |
| Giella: | eaŋgalasgiella |
| Almmustuhtton: |
Englewood Cliffs
Prentice-Hall
1976
|
| Preanttus: | 2a. ed |
| Ráidu: | Prentice-Hall Series in Automatic Computation
|
| Fáttát: | |
| Fáddágilkorat: |
Lasit fáddágilkoriid
Eai fáddágilkorat, Lasit vuosttaš fáddágilkora!
|
MARC
| LEADER | 00000nam a2200000 a 4500 | ||
|---|---|---|---|
| 001 | UCU6061 | ||
| 003 | CL-VaPUC | ||
| 008 | 960614e19760000us |||||||||||||||||eng|d | ||
| 082 | 0 | 4 | |a 621.382 |b MAR |2 21 |
| 100 | |a Martin, James Thomas |e autor |9 454119 | ||
| 245 | 1 | 0 | |a Telecommunications and the computer |
| 250 | |a 2a. ed | ||
| 300 | |a 670 p | ||
| 942 | |c BK | ||
| 945 | |d 19960614 00:00:00 |a lriquelm | ||
| 260 | |a Englewood Cliffs |b Prentice-Hall |c 1976 | ||
| 650 | 0 | |a Telecomunicaciones |9 257195 | |
| 650 | 0 | |a Redes de información |9 230208 | |
| 650 | 7 | |a MODULACION |2 CL-VaPUC |9 364178 | |
| 650 | 0 | |a Circuitos electrónicos |9 260204 | |
| 650 | 7 | |a RUIDO |2 CL-VaPUC |9 263306 | |
| 650 | 7 | |a SATELITES DE COMUNICACIONES |2 CL-VaPUC |9 340431 | |
| 583 | |a last modification |c 20150428 10:15:39 |k Rodrigo Vera | ||
| 490 | 0 | |a Prentice-Hall Series in Automatic Computation | |
| 999 | |c 249129 |d 249127 | ||
| 952 | |0 0 |1 0 |4 0 |6 621_382000000000000_MAR_1976 |7 0 |8 A |9 266181 |a BIBING |b BIBING |d 2019-11-19 |i 1680935 |o 621.382 MAR 1976 |p 1680935 |r 2025-01-20 |w 2019-11-19 |y BK |k CCI | ||
| 952 | |0 0 |1 0 |4 0 |6 621_382000000000000_MAR_1976 |7 0 |8 A |9 266182 |a BIBING |b BIBING |d 2019-11-19 |i 168129K |o 621.382 MAR 1976 |p 168129K |r 2025-01-20 |w 2019-11-19 |y BK |k ING | ||